Social policy and administration: The challenge of poverty and equality (Record no. 158861)

MARC details
000 -LEADER
fixed length control field 00399nam a2200145Ia 4500
008 - FIXED-LENGTH DATA ELEMENTS--GENERAL INFORMATION
fixed length control field 230917s9999||||xx |||||||||||||| ||und||
040 ## - CATALOGING SOURCE
-- 188981
Original cataloging agency VIVEKANANDA LIBRARY
041 ## - Language
-- English
082 ## - DDC NUMBER
Classification number 361.6 S79S
100 ## - MAIN ENTRY--PERSONAL NAME
Personal name Sirohi, Anand
245 #0 - TITLE STATEMENT
Title Social policy and administration: The challenge of poverty and equality
260 ## - PUBLICATION, DISTRIBUTION, ETC. (IMPRINT)
Place of publication, distribution, etc New Delhi
Name of publisher, distributor, etc Wisdom Press
Date of publication, distribution, etc 2012
300 ## - PHYSICAL DESCRIPTION
Pages v, 385 p.
942 ## - ADDED ENTRY ELEMENTS (KOHA)
Koha item type Books
Holdings
Withdrawn status Lost status Damaged status Not for loan Location (home branch) Sublocation or collection (holding branch) Date acquired Koha issues (times borrowed) Koha full call number Accession No. Koha date last seen Koha item type
        VIVEKANANDA LIBRARY VIVEKANANDA LIBRARY 16/09/2011   361.6 S79S 291625 17/09/2023 Books
© Designed and Maintained by Vivekananda Library, MDU Rohtak